| 000 | 01089 a2200241 4500 | ||
|---|---|---|---|
| 001 | 15135 | ||
| 003 | (BD-RjUL)15189 | ||
| 005 | 20211208235745.0 | ||
| 008 | 140209s2016 bg a b 001 0 ben d | ||
| 020 | _a9789849045229 | ||
| 035 | _a(BD-RjUL)15189 | ||
| 040 |
_aBD-RjUL _cBD-RjUL _beng |
||
| 041 | _aeng | ||
| 082 |
_aB 954.9205092 _223 _bBAN 2016 |
||
| 245 |
_aবঙ্গবন্ধুর ৭ মার্চ ভাষণ স্বধীনতার মহাকাব্য / _cসম্পাদনা মোহাম্মদ শাহজাহান |
||
| 260 |
_aঢাকা : _bবাংলা প্রকাশনী, _c২০১৬ |
||
| 300 |
_a৩০৪ পৃ. : _bচিত্র ; _c২২ সেমি. |
||
| 600 |
_aRahman, Sheikh Mujibur, _cBangabandhu _d1920-1975. _9248682 |
||
| 600 |
_aরহমান, শেখ মুজিবুর, _cবঙ্গবন্ধু _d১৯২০-১৯৭৫ _9248683 |
||
| 650 |
_aPoliticians _zBangladesh _vBiography. _9230242 |
||
| 700 |
_aশাহজাহান, মোহাম্মদ _9248684 |
||
| 942 |
_2ddc _cBK |
||
| 999 |
_c15135 _d15135 |
||